<?xml version="1.0" encoding="UTF-8"?>
<record
    xmlns:xsi="http://www.w3.org/2001/XMLSchema-instance"
    xsi:schemaLocation="http://www.loc.gov/MARC21/slim http://www.loc.gov/standards/marcxml/schema/MARC21slim.xsd"
    xmlns="http://www.loc.gov/MARC21/slim">

  <leader>00680nam a22002057a 4500</leader>
  <controlfield tag="005">20250616144242.0</controlfield>
  <controlfield tag="008">250610b        |||||||| |||| 00| 0 eng d</controlfield>
  <datafield tag="040" ind1=" " ind2=" ">
    <subfield code="c">AL</subfield>
  </datafield>
  <datafield tag="041" ind1=" " ind2=" ">
    <subfield code="a">Malayalam</subfield>
  </datafield>
  <datafield tag="082" ind1=" " ind2=" ">
    <subfield code="2">23</subfield>
    <subfield code="a">894.8123</subfield>
    <subfield code="b">GRAG</subfield>
  </datafield>
  <datafield tag="100" ind1=" " ind2=" ">
    <subfield code="a">Michael Jude Gracias</subfield>
    <subfield code="9">215127</subfield>
  </datafield>
  <datafield tag="100" ind1=" " ind2=" ">
    <subfield code="9">214059</subfield>
    <subfield code="b">&#xD2E;&#xD48;&#xD15;&#xD4D;&#xD15;&#xD7D; &#xD1C;&#xD42;&#xD21;&#xD4D; &#xD17;&#xD4D;&#xD30;&#xD47;&#xD37;&#xD4D;&#xD2F;&#xD38;&#xD4D;</subfield>
  </datafield>
  <datafield tag="245" ind1=" " ind2=" ">
    <subfield code="a">Goycho Saib</subfield>
    <subfield code="b">&#xD17;&#xD4B;&#xD35;&#xD2F;&#xD41;&#xD1F;&#xD46; &#xD2A;&#xD4D;&#xD30;&#xD2D;&#xD41;</subfield>
  </datafield>
  <datafield tag="260" ind1=" " ind2=" ">
    <subfield code="a">Goa</subfield>
    <subfield code="b">Queeny productions and Publications</subfield>
    <subfield code="c">2024</subfield>
  </datafield>
  <datafield tag="300" ind1=" " ind2=" ">
    <subfield code="a">126 p.</subfield>
    <subfield code="b">PB</subfield>
    <subfield code="c">21x14 cm.</subfield>
  </datafield>
  <datafield tag="365" ind1=" " ind2=" ">
    <subfield code="c">&#x20B9;</subfield>
    <subfield code="d">&#x20B9;200.00</subfield>
  </datafield>
  <datafield tag="650" ind1=" " ind2=" ">
    <subfield code="a">Religion</subfield>
    <subfield code="9">214060</subfield>
  </datafield>
  <datafield tag="700" ind1=" " ind2=" ">
    <subfield code="a">Nini George</subfield>
    <subfield code="b"> &#xD28;&#xD3F;&#xD28;&#xD3F; &#xD1C;&#xD4B;&#xD7C;&#xD1C;&#xD4D;&#xD1C;&#xD4D; tr</subfield>
    <subfield code="9">215128</subfield>
  </datafield>
  <datafield tag="942" ind1=" " ind2=" ">
    <subfield code="2">ddc</subfield>
    <subfield code="c">DB</subfield>
  </datafield>
  <datafield tag="999" ind1=" " ind2=" ">
    <subfield code="c">234398</subfield>
    <subfield code="d">234398</subfield>
  </datafield>
  <datafield tag="952" ind1=" " ind2=" ">
    <subfield code="0">0</subfield>
    <subfield code="1">0</subfield>
    <subfield code="2">ddc</subfield>
    <subfield code="4">0</subfield>
    <subfield code="7">0</subfield>
    <subfield code="8">MAL</subfield>
    <subfield code="a">AL</subfield>
    <subfield code="b">AL</subfield>
    <subfield code="d">2025-05-20</subfield>
    <subfield code="f">200.00</subfield>
    <subfield code="l">0</subfield>
    <subfield code="o">894.8123 GRAG</subfield>
    <subfield code="p">D06285</subfield>
    <subfield code="r">2025-06-10 15:11:36</subfield>
    <subfield code="v">200.00</subfield>
    <subfield code="w">2025-06-10</subfield>
    <subfield code="y">DB</subfield>
    <subfield code="z">Donated by Rev Dr Praveen Martis SJ</subfield>
  </datafield>
</record>
